Probabilidad y estadística aplicadas a la ingeniería
Guardado en:
| Autor principal: | |
|---|---|
| Otros Autores: | |
| Formato: | Libro |
| Publicado: |
México, Distrito Federal : Limusa Wiley
2008
|
| Materias: | |
| Etiquetas: |
Agregar Etiqueta
Sin Etiquetas, Sea el primero en etiquetar este registro!
|
MARC
| LEADER | 00000nam a2200000Ia 4500 | ||
|---|---|---|---|
| 003 | 000215 | ||
| 005 | 20221231144001.0 | ||
| 008 | 140114s2008 m a 000 ||s d | ||
| 040 | |c cru CEDI | ||
| 082 | |a 519.5 M787p | ||
| 100 | |a Montgomery, Douglas C. |9 8627 | ||
| 245 | |a Probabilidad y estadística aplicadas a la ingeniería | ||
| 260 | |a México, Distrito Federal : Limusa Wiley |c 2008 | ||
| 300 | |a xvi, 817, [108] páginas : ilustraciones | ||
| 500 | |a Traducciónn de: Applied statistics and probability for engineers | ||
| 650 | |x PROBABILIDADES |x ESTADISTICA MATEMATICA |9 8630 | ||
| 700 | |9 8629 |a Runger, George C. | ||
| 942 | |2 ddc |c BK | ||
| 999 | |c 15173 |d 15173 | ||
